000
00233 a2200097 4500
100
_a
Stein A
245
_a
On alexander's track to the Indus
260
_a
Karachi
_b
Indus pub
_c
090
_c
27815
_d
27815
942
_a
NUST-CAE
_c
M
_c
19797
999
_c
410455
_d
410455